000 00650cam a2200145 4500500
005 20251228090744.0
041 _afre
042 _adc
100 1 0 _aBruley, Pauline
_eauthor
245 0 0 _aCharles Péguy, La Tapisserie de sainte Geneviève et de Jeanne d’Arc et vers inédits, édition critique par Romain Vaissermann, Orléans, éditions Paradigme, 2016, 447 pages, 30 euros.
260 _c2016.
500 _a61
786 0 _nBulletin de l’Amitié Charles Péguy | 155 | 3 | 2016-04-14 | p. 263-265 | 0180-8567
856 4 1 _uhttps://shs.cairn.info/revue-bulletin-de-lamitie-charles-peguy-2016-3-page-263?lang=fr&redirect-ssocas=7080
999 _c1602680
_d1602680